Southville International School and Colleges
Your cart is empty.
  • Cart
  • Lists
    Public lists list_1 View all
    Your lists Log in to create your own lists
  • Log in to your account
  • Your cookies
  • Search history
Southville International School and Colleges
  • Advanced search
  • Recent comments
  • Most popular
  • Libraries

Log in to your account

Log in with GOOGLE


If you do not have an external account, but do have a local account, you can still log in:

  1. Home
  2. MARC view: Fun physics projects for tomorrow's rocket scientists /
Normal view MARC view ISBD view

Fun physics projects for tomorrow's rocket scientists / (Record no. 323219)

[ view plain ]
MARC details
000 -LEADER
fixed length control field 01172cam a22003377a 4500
001 - CONTROL NUMBER
control field 17641559
003 - CONTROL NUMBER IDENTIFIER
control field LC
005 - DATE AND TIME OF LATEST TRANSACTION
control field 20170317125942.0
008 - FIXED-LENGTH DATA ELEMENTS--GENERAL INFORMATION
fixed length control field 130228s2013 nyua b 001 0 eng d
010 ## - LIBRARY OF CONGRESS CONTROL NUMBER
LC control number 2012474300
015 ## - NATIONAL BIBLIOGRAPHY NUMBER
National bibliography number GBB284125
Source bnb
016 7# - NATIONAL BIBLIOGRAPHIC AGENCY CONTROL NUMBER
Record control number 016155610
Source Uk
020 ## - INTERNATIONAL STANDARD BOOK NUMBER
International Standard Book Number 9780071798990 (pbk.)
020 ## - INTERNATIONAL STANDARD BOOK NUMBER
International Standard Book Number 0071798994 (pbk.)
035 ## - SYSTEM CONTROL NUMBER
System control number (OCoLC)ocn809082758
037 ## - SOURCE OF ACQUISITION
Stock number 1351170
Source of stock number/acquisition QBI
040 ## - CATALOGING SOURCE
Original cataloging agency UKMGB
Language of cataloging eng
Transcribing agency UKMGB
Modifying agency OCLCO
-- BTCTA
-- YDXCP
-- QBX
-- LEO
-- ORX
-- BWX
-- VP@
-- DLC
042 ## - AUTHENTICATION CODE
Authentication code lccopycat
050 00 - LIBRARY OF CONGRESS CALL NUMBER
Classification number QC 26
Item number .G54 2013
082 04 - DEWEY DECIMAL CLASSIFICATION NUMBER
Classification number 530.078
100 1# - MAIN ENTRY--PERSONAL NAME
Personal name Gleue, Alan.
245 10 - TITLE STATEMENT
Title Fun physics projects for tomorrow's rocket scientists /
Statement of responsibility, etc Alan Gleue.
260 ## - PUBLICATION, DISTRIBUTION, ETC. (IMPRINT)
Place of publication, distribution, etc New York :
Name of publisher, distributor, etc McGraw-Hill Professional,
Date of publication, distribution, etc c2013.
300 ## - PHYSICAL DESCRIPTION
Extent xii, 168 p. :
Other physical details ill. ;
Dimensions 28 cm.
500 ## - GENERAL NOTE
General note "A Thames & Kosmos book."
504 ## - BIBLIOGRAPHY, ETC. NOTE
Bibliography, etc Includes bibliographical references (p. 145-154) and index.
650 #0 - SUBJECT ADDED ENTRY--TOPICAL TERM
Topical term or geographic name as entry element Physics
General subdivision Experiments.
906 ## - LOCAL DATA ELEMENT F, LDF (RLIN)
a 7
b cbc
c copycat
d 2
e ncip
f 20
g y-gencatlg
942 ## - ADDED ENTRY ELEMENTS (KOHA)
Source of classification or shelving scheme Library of Congress Classification
Koha item type Books
Holdings
Withdrawn status Lost status Source of classification or shelving scheme Damaged status Home library Current library Shelving location Date acquired Source of acquisition Total Checkouts Full call number Barcode Date last seen Date checked out Price effective from Koha item type
    Library of Congress Classification   Luxembourg Library Luxembourg Library Teachers Reference Section 03/17/2017 Library Fund 1 QC 26 .G54 2013 20416 02/17/2023 02/15/2023 03/17/2017 Books

Fun physics projects for tomorrow's rocket scientists /

APA

Gleue A., . (2013). Fun physics projects for tomorrow's rocket scientists. New York: McGraw-Hill Professional.

Chicago

Gleue Alan, . 2013. Fun physics projects for tomorrow's rocket scientists. New York: McGraw-Hill Professional.

Harvard

Gleue A., . (2013). Fun physics projects for tomorrow's rocket scientists. New York: McGraw-Hill Professional.

MLA

Gleue Alan, . Fun physics projects for tomorrow's rocket scientists. New York: McGraw-Hill Professional. 2013.

  • Place hold
  • Print
  • Cite
  • Add to your cart (remove)
  • Save record
    BIBTEX Dublin Core MARCXML MARC (non-Unicode/MARC-8) MARC (Unicode/UTF-8) MARC (Unicode/UTF-8, Standard) MODS (XML) RIS
  • More searches
    Search for this title in:
    Other Libraries (WorldCat) Other Databases (Google Scholar) Online Stores (Bookfinder.com) Open Library (openlibrary.org)

Exporting to Dublin Core...

SOUTHVILLE LIBRARY

Southville International School and Colleges Library

1281 Tropical Ave. Cor. Luxembourg St., BF Homes International, Las Pinas City

Tel. No. 8256374 / 252358 Loc. 117/146

Powered by Koha